000 00442nam a22001577a 4500
999 _c121092
_d121092
005 20201021105824.0
008 141007b xxu||||| |||| 00| 0 eng d
050 _aBX2182.2
_bK37
100 _aKentenich, Joseph
_912083
245 _aRediscovering the father
_cKentenich, Joseph
260 _aMumbai
_bSt. Paul
_c1999
300 _a158p.;
_c21cm.
650 _aMeditations
_949952
650 _aGod
_xFather
_949953
942 _2lcc
_cMONOGRAPH